000 00946nam a2200313 i 4500
003 EG-GICUC
005 20260216082736.0
008 260216s1947 us ||||fr|||| 000 0 eng d
040 _aEG-GiCUC
_beng
_cEG-GiCUC
_dEG-GiCUC
_eRda
041 0 _aeng
082 0 4 _221
_a341.8
_bCH . P
092 0 4 _221
099 _aLaw1 12 341.8 CH . P 3 ed - 1947
100 1 _aCheshire, G. C
_eAuthor.
245 1 0 _aPrivate International Law /
_b
_cG. C. Cheshire.
_n
250 _aThird Edition
264 3 _aOxford :
_bAt the Clarendon Press,
_c1947.
300 _a884 page ;
_c 24 cm.
_billustrations,
336 _2rda contenu
_a texte
337 _2rda medias
_aOrdinateur
338 _2 transporteur rda
_a Ressource en ligne
504 _a
546 _aText in English
650 1 4 _aPrivate international law
_2
651 1 _2
856 4 0 _uhttps://fll.law.cu.edu.eg/fulltext/bks/B12-02560.pdf
905 _a30
942 _2ddc
_cBK
_e21
_n0
999 _c63179
_d63179